1585 1812 1166 1919 1569 1739 1889 1083 1675 1357 1625 1216 1117 1976 1445 1421 1399 1076 1680 1782 1862 1556 1433 1721 1714 1908 1838 1654 1132 1251 1026 1607 1905 1991 1679 1833 1293 1290 1028 1835 1088 1082 1868 1881 1366 1577 1805 1819 1868 1293 1582 1086 1516 1602 1388 1287 1179 1401 1105 1046 1414 1865 1807 1929 1494 1219 1348 1951 1683 1408 1990 1546 1063 1215 1230 1641 1885 1864 1189 1365 1013 1759 1891 1225 1262 1644 1327 1420 1137 1560 1897 1012 1707 1472 1669 1579 1421 1043 1047 BCNSPRNW ULIB Ver.6.0+V

เปลี่ยนเป็นภาษาไทย

Change to English
 แสดงรายละเอียดบรรณานุกรม
  กลับหน้าหลัก

Brief Record : Get Marc (ISO 2709) : E-mail record : QR code < ปิดหน้าต่าง
LEADER : 00000nam 2200000uu 4500
001    13399113503
003     ULIB
008    111122s2552||||th 000 0 tha d
020    ^a9786160600182
090    ^aนว.^bล734จ 2552
100 0  ^aจวี้ยน
245 00 ^aจักรพรรดิบัญชา/^cจวี้ยน
250    ^aพิมพ์ครั้งที่ 1
260    ^aกรุงเทพฯ :^bแจ่มใส,^c2552
300    ^a315 หน้า
710 1  ^aแจ่มใส
945    ^p209^l0^i16292
995    ^aกัณชพร
999    ^aใช้งานได้ทุกระบบ
รายการนี้ยังไม่มีแท็ก
คุณยังไม่ได้ล็อกอิน คุณสามารถมีกิจกรรมร่วมกับเว็บไซต์ได้ แต่ต้องล็อกอินก่อน ::
  ล็อกอิน

รายการสื่อสารสนเทศ

ลำดับที่ ประเภท เลขเรียก/บาร์โค้ด สถานที่ สถานะ
1. นวนิยาย
นวนิยาย
นว. ล734จ 2552  
  Barcode: 16292
ห้องสมุดวิทยาเขตสวรรค์ประชารักษ์
►นวนิยาย
บนชั้น
  ขอยืม

BibComment


ยังไม่เคยถูกคอมเมนท์

คอมเมนท์ทรัพยากรรายการนี้
  คอมเมนท์: จักรพรรดิบัญชา จ..


 Copyright 2026. Bcnsprnw @Library